Lịch sử 11

Sách bao gồm những nội dung chính: lịch sử thế giới cận đại, lịch sử thế giới hiện đại từ năm 1917 đến năm 1945 và lịch sử Việt Nam từ 1858 - 1918.

Сохранить в:
Библиографические подробности
Главный автор: Phan, Ngọc Liên
Формат:
Язык:Undetermined
Опубликовано: Hà Nội Giáo dục Việt Nam 2016
Предметы:
Метки: Добавить метку
Нет меток, Требуется 1-ая метка записи!
Thư viện lưu trữ: Trung tâm Học liệu Trường Đại học Cần Thơ
LEADER 00860nam a2200217Ia 4500
001 CTU_216467
008 210402s9999 xx 000 0 und d
020 |c 9400 
082 |a 907.12 
082 |b L305 
100 |a Phan, Ngọc Liên 
245 0 |a Lịch sử 11 
245 0 |c Phan Ngọc Liên (Tổng chủ biên) 
260 |a Hà Nội 
260 |b Giáo dục Việt Nam 
260 |c 2016 
520 |a Sách bao gồm những nội dung chính: lịch sử thế giới cận đại, lịch sử thế giới hiện đại từ năm 1917 đến năm 1945 và lịch sử Việt Nam từ 1858 - 1918. 
650 |a History,Lịch sử 
650 |x Study and teaching (Secondary),Study and teaching (Secondary) 
904 |i Hải 
980 |a Trung tâm Học liệu Trường Đại học Cần Thơ